00314nam a2200097Ia 4500082002000000245010000020260004400120300000900164650002200173700002100195 aRR 920.054 WHO; 0aWho's who of eminent Indians : Biographical profiles of leading Indians from all walks of life aNew DelhibIndraprastha Prakashanc1998 av.p. aBIOGRAPHY - INDIA aGandhi, D.V. ed.